| 000 | 00611nam a2200229Ia 4500 | ||
|---|---|---|---|
| 001 | 17760 | ||
| 003 | GE_BSU | ||
| 008 | 181216s||||||||xx |||||||||||||| ||und|| | ||
| 020 | _a9782278072699 | ||
| 040 | _cGE_BSU | ||
| 080 | _a811.133.1 | ||
| 100 | _aAbou-Samra Myriam., Perrard, Marrion., Prinson, Cecile | ||
| 245 | _aLe Nouvel edito.Niveau B.1.Methode de francais | ||
| 260 | _aParis | ||
| 260 | _bDidier | ||
| 260 | _c2013 | ||
| 300 | _a222p.30cm. | ||
| 541 | _h7Gel. 60T. | ||
| 653 | _aLe Nouvel edito.Niveau B.1.Methode de francais | ||
| 653 | _aფრანგული ენა | ||
| 942 | _cBK | ||
| 999 |
_c50807 _d50807 |
||